| 000 | 00606nam a2200193 i 4500 | ||
|---|---|---|---|
| 001 | 32753 | ||
| 003 | ES-MaACL | ||
| 005 | 20230906154629.0 | ||
| 007 | t| | ||
| 008 | 030131q19001999py ||||1| spa d | ||
| 100 | 1 |
_aBertoni, Moisés S. _928487 |
|
| 245 | 1 | 4 |
_aLas plantas usuales del Paraguay y países limítrofes / _cMoisés S. Bertoni (Helvetius). |
| 260 |
_aAsunción : _bM. Brona, _c19--? |
||
| 300 | _a78 p. | ||
| 490 | 1 | _aDescripción física y económica del Paraguay | |
| 830 | 0 |
_aDescripción física y económica del Paraguay _9181451 |
|
| 852 |
_aES-MaACL _j1664-F-1 |
||
| 999 |
_c32753 _d32753 |
||